000 01149 a2200229 4500
003 Nust
005 20221018103236.0
010 _a 2001033008
020 _a0471128171 (pbk. : alk. paper)
040 _cNust
082 0 0 _a620.0014,STE
100 1 _aStevenson, Susan.
_9100572
245 1 0 _aStrategies for engineering communication /
_cSusan Stevenson, Steve Whitmore ; with a chapter by Margaret Hope.
260 _aNew York :
_bWiley,
_cc2002.
300 _aix, 372 p. :
_bill. ;
_c25 cm.
505 _aPlanning and Inventing Strategies (Page-1), Drafting and Revising Strategies (Page-41), Rhetorical Strategies (Page-72), Strategies for Teamwork and Workplace Comm. (Page-109), Oral Presentation Strategies (Page-147), Stylistic Strategies (Page-188), Format Strategies (Page-245), Document Strategies and Sample Documentation (Page-291).
650 0 _aCommunication in engineering.
_996228
700 1 _aWhitmore, Steve.
_9100573
856 4 2 _3Publisher description
_uhttp://www.loc.gov/catdir/description/wiley0310/2001033008.html
856 4 2 _3Table of Contents
_uhttp://www.loc.gov/catdir/toc/onix07/2001033008.html
942 _2ddc
_cBK
999 _c178433
_d178433